Half-Life Characters - Sudden Death - Statistics

General Stats
  • This quiz has been taken 605 times
  • The average score is 8 of 26
Answers on the Grid
Answers color-coded by a green-red scale on the quiz's grid according to % correct below.
G-Man
GLaDOS
Alyx Vance
Arne Magnusson
Isaac Kleiner
Ellis
Adrian Shepherd
Gordon Ramsay
Barney Calhoun
Spider
Cave Johnson
Judith Mossman
Chell
Ivan the Space Biker
Nick
Jarate
Morgan Freeman
Barnacle
Headcrab
Cat
Zombie
Metrocop
Gordon Freeman
Nihilanth
Gabe Newell
Saxton Hale
Strider
Zepheniah Mann
Houndeye
Laszlo
Rebel Commander
Russel
Father Grigori
Grasshopper
Heavy Weapons Guy
Odessa Cubbage
Dog
Antlion King
Vortigaunt
Huntsman
Scout
Eli Vance
Wheatley
Bullsquid
Dell Connagher
Robin Walker
Stalker
Hunter
Minecleaner
Manhack Matt
General Willis
 
Answer Stats
Answer % Correct
G-Man
93%
Alyx Vance
73%
Isaac Kleiner
73%
Barney Calhoun
63%
Adrian Shepherd
49%
Judith Mossman
42%
Headcrab
39%
Gordon Freeman
37%
Arne Magnusson
36%
Barnacle
34%
Zombie
31%
Nihilanth
28%
Father Grigori
26%
Metrocop
26%
Strider
25%
Dog
24%
Houndeye
22%
Eli Vance
20%
Laszlo
15%
Vortigaunt
15%
Odessa Cubbage
13%
Stalker
12%
Bullsquid
11%
Russel
10%
Hunter
9%
Manhack Matt
4%
No matching quizzes found
Score Distribution
Percent of People with Each Score
Percentile by Number Answered
Your Score History
You have not taken this quiz